000 04244nam a22006735i 4500
001 978-3-319-71147-8
003 DE-He213
005 20210118142119.0
007 cr nn 008mamaa
008 171116s2017 gw | s |||| 0|eng d
020 _a9783319711478
_9978-3-319-71147-8
024 7 _a10.1007/978-3-319-71147-8
_2doi
050 4 _aQA76.9.A43
072 7 _aUMB
_2bicssc
072 7 _aCOM051300
_2bisacsh
072 7 _aUMB
_2thema
082 0 4 _a005.1
_223
245 1 0 _aCombinatorial Optimization and Applications
_h[electronic resource] :
_b11th International Conference, COCOA 2017, Shanghai, China, December 16-18, 2017, Proceedings, Part II /
_cedited by Xiaofeng Gao, Hongwei Du, Meng Han.
250 _a1st ed. 2017.
264 1 _aCham :
_bSpringer International Publishing :
_bImprint: Springer,
_c2017.
300 _aXVIII, 529 p. 88 illus.
_bonline resource.
336 _atext
_btxt
_2rdacontent
337 _acomputer
_bc
_2rdamedia
338 _aonline resource
_bcr
_2rdacarrier
347 _atext file
_bPDF
_2rda
490 1 _aTheoretical Computer Science and General Issues ;
_v10628
520 _aThe two-volume set LNCS 10627 and 10628 constitutes the refereed proceedings of the 11th International Conference on Combinatorial Optimization and Applications, COCOA 2017, held in Shanghai, China, in December 2017. The 59 full papers and 19 short papers presented were carefully reviewed and selected from 145 submissions. The papers cover most aspects of theoretical computer science and combinatorics related to computing, including classic combinatorial optimization, geometric optimization, complexity and data structures, and graph theory. They are organized in topical sections on network, approximation algorithm and graph theory, combinatorial optimization, game theory, and applications.
650 0 _aAlgorithms.
650 0 _aComputer science—Mathematics.
650 0 _aNumerical analysis.
650 0 _aData structures (Computer science).
650 0 _aComputer communication systems.
650 0 _aSoftware engineering.
650 1 4 _aAlgorithm Analysis and Problem Complexity.
_0http://scigraph.springernature.com/things/product-market-codes/I16021
650 2 4 _aDiscrete Mathematics in Computer Science.
_0http://scigraph.springernature.com/things/product-market-codes/I17028
650 2 4 _aNumeric Computing.
_0http://scigraph.springernature.com/things/product-market-codes/I1701X
650 2 4 _aData Structures.
_0http://scigraph.springernature.com/things/product-market-codes/I15017
650 2 4 _aComputer Communication Networks.
_0http://scigraph.springernature.com/things/product-market-codes/I13022
650 2 4 _aSoftware Engineering.
_0http://scigraph.springernature.com/things/product-market-codes/I14029
700 1 _aGao, Xiaofeng.
_eeditor.
_0(orcid)0000-0003-1776-8799
_1https://orcid.org/0000-0003-1776-8799
_4edt
_4http://id.loc.gov/vocabulary/relators/edt
700 1 _aDu, Hongwei.
_eeditor.
_0(orcid)0000-0002-2138-749X
_1https://orcid.org/0000-0002-2138-749X
_4edt
_4http://id.loc.gov/vocabulary/relators/edt
700 1 _aHan, Meng.
_eeditor.
_0(orcid)0000-0001-7472-0842
_1https://orcid.org/0000-0001-7472-0842
_4edt
_4http://id.loc.gov/vocabulary/relators/edt
710 2 _aSpringerLink (Online service)
773 0 _tSpringer eBooks
776 0 8 _iPrinted edition:
_z9783319711461
776 0 8 _iPrinted edition:
_z9783319711485
830 0 _aTheoretical Computer Science and General Issues ;
_v10628
856 4 0 _uhttps://doi.org/10.1007/978-3-319-71147-8
912 _aZDB-2-SCS
912 _aZDB-2-LNC
999 _c450544
_d450544
942 _cEB
506 _aAvailable to subscribing member institutions only. Доступно лише організаціям членам підписки.
506 _fOnline access from local network of NaUOA.
506 _fOnline access with authorization at https://link.springer.com/
506 _fОнлайн-доступ з локальної мережі НаУОА.
506 _fОнлайн доступ з авторизацією на https://link.springer.com/